Ricostruisci la Carriera del Calciatore - Marcelo Brozović - Statistics

Statistiche generali
  • Questo quiz è stato fatto 9 volte
  • Il punteggio medio è 4 su 5
Statistiche sulle risposte
Hint Risposta % Corretto
2023- Al-Nassr
88%
2015-2023 Inter
88%
2011-2012 Lokomotiva Zagabria
88%
2012-2015 Dinamo Zagabria
75%
2009-2011 Hrvatski Dragovoljac
63%
Nessun quiz corrispondente trovato
Distribuzione punteggi
Percentuale di utenti per punteggio
Percentile per numero di risposta
I tuoi punteggi nel tempo
Non hai fatto questo quiz